| Tag |
First Indicator |
Second Indicator |
Subfields |
| LEADER |
00000cam a22000001 4500 |
| 001 |
in00000035785 |
| 005 |
20151007062132.0 |
| 008 |
731212s1966 nyuacf b 001 0aeng |
| 010 |
|
|
|a 66020000
|
| 035 |
|
|
|a (OCoLC)ocm00587748
|
| 035 |
|
|
|a (OCoLC)00587748
|
| 035 |
|
|
|9 AAD4041AM
|
| 040 |
|
|
|a DLC
|c DLC
|d OCL
|d TXA
|d UtOrBLW
|
| 043 |
|
|
|a e-uk-en
|a n-us---
|
| 049 |
|
|
|a TXAM
|
| 050 |
0 |
0 |
|a ML429
|
| 082 |
0 |
0 |
|a 782.0924
|
| 090 |
|
|
|a ML429.M29
|b A3 1966
|
| 100 |
1 |
|
|a Mapleson, James Henry,
|d 1830-1901.
|
| 245 |
1 |
4 |
|a The Mapleson memoirs ;
|b the career of an operatic impresario, 1858-1888 /
|c Edited and annotated by Harold Rosenthal.
|
| 264 |
|
1 |
|a New York :
|b Appleton-Century,
|c [1966]
|
| 300 |
|
|
|a 346 pages, 16 unnumbered pages of plates :
|b illustrations, portraits ;
|c 26 cm.
|
| 336 |
|
|
|a text
|b txt
|2 rdacontent
|
| 337 |
|
|
|a unmediated
|b n
|2 rdamedia
|
| 338 |
|
|
|a volume
|b nc
|2 rdacarrier
|
| 504 |
|
|
|a Includes bibliographical references, indexes and other biographical information.
|
| 600 |
1 |
0 |
|a Mapleson, James Henry,
|d 1830-1901.
|
| 650 |
|
0 |
|a Opera producers and directors
|z Great Britain
|v Biography.
|
| 650 |
|
0 |
|a Opera
|z Great Britain.
|
| 650 |
|
0 |
|a Opera producers and directors
|z United States
|v Biography.
|
| 650 |
|
0 |
|a Opera
|z United States.
|
| 700 |
1 |
|
|a Rosenthal, Harold D.,
|e editor.
|
| 949 |
|
|
|a updated
|b h
|c 2004/2/26
|e fpiscitelli
|f 3:53:04 pm
|
| 994 |
|
|
|a E0
|b TXA
|
| 999 |
|
|
|a MARS
|
| 999 |
f |
f |
|s 4e9f49fe-0e79-355e-9445-26b903232f57
|i e99ea92d-861d-3b7d-aceb-38e74cf37fb7
|t 0
|
| 952 |
f |
f |
|p ric
|a Texas A&M University
|b Rellis Campus
|c Joint Library Facility
|d Remote Storage
|t 0
|e ML429.M29 A3 1966
|h Library of Congress classification
|i unmediated -- volume
|m A14801170504
|
| 998 |
f |
f |
|a ML429.M29 A3 1966
|t 0
|l Remote Storage
|